Ponts en images - Clic quiz - Statistiques

Statistiques générales
  • Ce quiz a été pris 55 fois
    1 depuis la dernière actualisation
  • Le résultat moyen est 12 sur 25
Statistiques - réponses
Hint Réponse % Correct
Pont de Normandie 8bbf037e418b8c3265b484113f48b9f5.webp
100%
Viaduc de Millau canonique-461.jpg
100%
Pont du Gard Camping-Pont-du-Gard-Header-Mobile.jpg
100%
Viaduc de Morlaix Morlaix_Baroudeurs-Liegeois-640x640-crop-1683726640.jpg
100%
Dragon Bridge images?q=tbn:ANd9GcQXBYWeEXIBx6wN1WSZJMeo8JB5gvDnuBLSMA&s
100%
Infinity Bridge (Dubaï) infinity-building.png
100%
Pont de l'Øresund czM6Ly9hcm91bmR1cy8xNC85NDk3MDc4LTc5Zjk2NzY1LmpwZw.jpg
100%
Pont du Golden Gate czM6Ly9hcm91bmR1cy80OS8xNzk3MjE3ODEtZmE4YTFhMWUuanBn.jpg
100%
Tower Bridge czM6Ly9hcm91bmR1cy8xNC85NzY5MTMwLTE5NTM0MjZkLmpwZw.jpg
100%
Pont Alexandre III Pont-Alexandre-III-640x640.jpg
100%
Pont Saint-Bénezet / Pont d'Avignon Vue-du-Pont-dAvignon-et-du-Palais-des-Papes-par-drone-640x640.jpg
100%
Viaduc de Garabit 64e729ac231dd_024-4452245.jpg
100%
Pont d'Or f9cd587acdf05ea5dc955602ef518ef71452d17181dedf874cf6ed83a860e46c.jpg
0%
Puente de La Salve bilbao-de-onontdekte-parel-van-noord-spanje-La-Salve-brug-in-Bilbao.jpg?nocache=1614079706204
0%
Pont Dom-Luís HOME_Ponte-Dom-Luis-I.jpg
0%
Pont de Brooklyn czM6Ly9hcm91bmR1cy80OS8xNzk3MjIxNjUtZGRhNGY3MzMuanBn.jpg
0%
The Helix Bridge Helix-Bridge_Singapore_COX-Group_dezeen_sqb.jpg
0%
Kapellbrücke / Pont de la Chapelle 57661163-le-pont-de-la-chapelle-est-situ%C3%A9-dans-le-centre-ville-historique-de-lucerne-il-est-le-c%C3%A9l%C3%A8bre-et-le.jpg?ver=6
0%
Pont Valentré journ%C3%A9e-cahors-et-saint-cirque-lapopie.jpg
0%
Ponte Vecchio e__internet_intranet_sfs_clio_PHOTOLISTE_PHOTOLISTE_20210128155421_ItalieFlorence_300_300-autocrop.jpg
0%
Pont du Rialto Pont-Rialto.jpg
0%
Pont Saint-Pierre de Toulouse pont-saint-pierre-avec-la-grave.jpg?itok=0kto8alO
0%
Pont Charles czech-republic-prague-vltava-river-charles-bridge.jpg?mode=crop&width=1080&height=1080&quality=70
0%
Stari Most (Bosnie-Herzégovine) Stari-Most-Mostar-Old-Town-And-The-Neretva-River-On-A-Sunny-Day-Seen-From-Atop-The-Minaret-At-Koski-Mehmed-Pasha-Mosque-Mostar-Herzegovina-Part-Of-Bosnia-And-Herzegovina-Eastern-Europe.jpg
0%
Pont du vent et de la pluie de Chéngyáng Pont-de-Chengyang-1-150x150.jpg
0%
Aucun quiz correspondant
Distribution des résultats
% des personnes avec chaque résultat
Percentile par nombre de réponses
Votre historique - résultats
Vous n’avez pas pris ce quiz depuis la dernière actualisation